| 000 | 01607nam a2200277Ia 4500 | ||
|---|---|---|---|
| 001 | K0704 | ||
| 003 | IT-RoPAU | ||
| 008 | 130308s9999 xx 000 0 und d | ||
| 040 | _aIT-RoPAU | ||
| 040 | _cIT-RoPAU | ||
| 041 | _aITALIANO | ||
| 100 | _aAA.VV. | ||
| 100 | _gCodice Aut. SPICS: 12000 | ||
| 245 | _aTesori dal Cremlino. L'art e e la storia | ||
| 245 | _bTesori dal Cremlino. L'Arte e la storia | ||
| 250 | _a1a ed. | ||
| 260 | _bs.e. (senza Editrice o non identificata) | ||
| 260 | _c1993 [1° Ed.:1993 - Ed.Ling.Originale:1993] | ||
| 300 | _a"280 p. (prefazione: no ; testo: 280 [pagine: 0-0])" | ||
| 500 | _aCatalogo della mostra Tenutasi a castello di torre Canavese. Prefazione di F. Salleo, I.A. Rodimtseva, M. Datrino, I.A. Zagorodnjaja. Regalie di Stato nella Russia dei secoli XVI Xvii. Gioielli dei secoli XI XIII Provenienti dal tesoro Rinvenuto nel Cremlino di Mosca di T.D. Avdusina e T.D. Panova. Ori e Argenti russi dal XVI all'inizio del Xx Secolo di I.D. Kostina. legami internazionali Argenti Artistici dell'Europa Occidentale dal XVI al XVIII Secolo di G.A. Markova. cerimoniale militare Arte degli Armaioli russi dal XVI al XVIII Secolo di I.A. Komarov e O.I. Mironova. presentazione di 106 Opere del Catalogo + 10 tavole a Colori nel testo . | ||
| 650 | _aSTORIA DELLE ARTI VISIVE | ||
| 650 | _eCodice materia Spics: 5008 | ||
| 942 | _cBK | ||
| 957 | _71 | ||
| 999 |
_c77012 _d77012 |
||
| 999 | _g1 | ||